<?xml version="1.0" encoding="UTF-8"?><?xml-stylesheet type="text/xsl" href="static/style.xsl"?><OAI-PMH xmlns="http://www.openarchives.org/OAI/2.0/" xmlns:xsi="http://www.w3.org/2001/XMLSchema-instance" xsi:schemaLocation="http://www.openarchives.org/OAI/2.0/ http://www.openarchives.org/OAI/2.0/OAI-PMH.xsd"><responseDate>2026-04-17T04:19:26Z</responseDate><request verb="GetRecord" identifier="oai:www.recercat.cat:2445/220812" metadataPrefix="marc">https://recercat.cat/oai/request</request><GetRecord><record><header><identifier>oai:recercat.cat:2445/220812</identifier><datestamp>2025-12-04T21:11:23Z</datestamp><setSpec>com_2072_1057</setSpec><setSpec>col_2072_478781</setSpec><setSpec>col_2072_478917</setSpec></header><metadata><record xmlns="http://www.loc.gov/MARC21/slim" xmlns:dcterms="http://purl.org/dc/terms/" xmlns:xsi="http://www.w3.org/2001/XMLSchema-instance" xmlns:doc="http://www.lyncode.com/xoai" xsi:schemaLocation="http://www.loc.gov/MARC21/slim http://www.loc.gov/standards/marcxml/schema/MARC21slim.xsd">
   <leader>00925njm 22002777a 4500</leader>
   <datafield ind2=" " ind1=" " tag="042">
      <subfield code="a">dc</subfield>
   </datafield>
   <datafield ind2=" " ind1=" " tag="720">
      <subfield code="a">Jarne Ferrer, Júlia</subfield>
      <subfield code="e">author</subfield>
   </datafield>
   <datafield ind2=" " ind1=" " tag="720">
      <subfield code="a">Sánchez, Javier</subfield>
      <subfield code="e">author</subfield>
   </datafield>
   <datafield ind2=" " ind1=" " tag="720">
      <subfield code="a">Codony Gisbert, Sandra</subfield>
      <subfield code="e">author</subfield>
   </datafield>
   <datafield ind2=" " ind1=" " tag="720">
      <subfield code="a">Schneider, Marion</subfield>
      <subfield code="e">author</subfield>
   </datafield>
   <datafield ind2=" " ind1=" " tag="720">
      <subfield code="a">Müller, Christa E.</subfield>
      <subfield code="e">author</subfield>
   </datafield>
   <datafield ind2=" " ind1=" " tag="720">
      <subfield code="a">Sanfeliu i Pujol, Coral</subfield>
      <subfield code="e">author</subfield>
   </datafield>
   <datafield ind2=" " ind1=" " tag="720">
      <subfield code="a">Franco Fernández, Rafael</subfield>
      <subfield code="e">author</subfield>
   </datafield>
   <datafield ind2=" " ind1=" " tag="720">
      <subfield code="a">Vázquez Cruz, Santiago</subfield>
      <subfield code="e">author</subfield>
   </datafield>
   <datafield ind2=" " ind1=" " tag="720">
      <subfield code="a">Griñán Ferré, Christian</subfield>
      <subfield code="e">author</subfield>
   </datafield>
   <datafield ind2=" " ind1=" " tag="720">
      <subfield code="a">Pallàs i Llibería, Mercè, 1964-</subfield>
      <subfield code="e">author</subfield>
   </datafield>
   <datafield ind2=" " ind1=" " tag="260">
      <subfield code="c">2025-05-05T12:28:30Z</subfield>
   </datafield>
   <datafield ind2=" " ind1=" " tag="260">
      <subfield code="c">2025-12-01</subfield>
   </datafield>
   <datafield ind2=" " ind1=" " tag="260">
      <subfield code="c">2025-05-05T12:28:30Z</subfield>
   </datafield>
   <datafield ind2=" " ind1=" " tag="260">
      <subfield code="c">info:eu-repo/date/embargoEnd/2026-11-30</subfield>
   </datafield>
   <datafield ind2=" " ind1=" " tag="520">
      <subfield code="a">Neuroinflammation is widely recognized as a key pathological hallmark of Alzheimer’s disease (AD). Recently, inhibiting soluble epoxide hydrolase (sEH) has emerged as a promising therapeutic strategy for AD. sEH plays a pivotal role in neuroinflammation by hydrolyzing epoxyeicosatrienoic acids (EETs), which have anti-inflammatory and neuroprotective properties, into pro-inflammatory dihydroepoxyeicosatrienoic acids (DHETs). Furthermore, the overexpression of the enzyme in the brains of AD patients and animal models of the disease highlights its relevance as a therapeutic target. Our previous studies, using the inhibitor UB-SCG-51 demonstrated that sEH inhibition regulates neuroinflammation and other mechanisms, such as the unfolded protein response pathway, while reducing autophagy, apoptosis, and neuronal death, thereby promoting neuroprotection. Building on these findings, we evaluated the arginine salt of the compound, designated UB-SCG-74, which offers improved oral absorption compared to that of UB-SCG-51 while retaining high permeability, potency, and selectivity. In experiments using 5XFAD mice, UB-SCG-74 treatment significantly improved cognition and synaptic plasticity, outperforming donepezil, a standard AD drug, and ibuprofen, an anti-inflammatory drug. Remarkably, these benefits persisted for 4 weeks after administration cessation, suggesting lasting therapeutic effects. Safety pharmacology studies showed no toxicity, supporting the advancement of UB-SCG-74 into preclinical regulatory evaluation. Our findings further indicate that sEH inhibition engages multiple neuroprotective pathways, potentially modifying both AD symptoms and disease progression, thus reinforcing its therapeutic potential.</subfield>
   </datafield>
   <datafield tag="653" ind2=" " ind1=" ">
      <subfield code="a">Malalties neurodegeneratives</subfield>
   </datafield>
   <datafield tag="653" ind2=" " ind1=" ">
      <subfield code="a">Epòxids</subfield>
   </datafield>
   <datafield tag="653" ind2=" " ind1=" ">
      <subfield code="a">Malaltia de Parkinson</subfield>
   </datafield>
   <datafield tag="653" ind2=" " ind1=" ">
      <subfield code="a">Neurodegenerative Diseases</subfield>
   </datafield>
   <datafield tag="653" ind2=" " ind1=" ">
      <subfield code="a">Epoxy compounds</subfield>
   </datafield>
   <datafield tag="653" ind2=" " ind1=" ">
      <subfield code="a">Parkinson's disease</subfield>
   </datafield>
   <datafield ind2="0" ind1="0" tag="245">
      <subfield code="a">Novel Soluble Epoxide Hydrolase Inhibitor: Toward Regulatory Preclinical Studies</subfield>
   </datafield>
</record></metadata></record></GetRecord></OAI-PMH>